Harrison Ford movies by co-stars Quiz Stats

 Plays Quiz not verified by Sporcle

Challenge
Share
Tweet
Embed
Score 0/20 Timer 03:00
0 Plays Today
% Correct
Star Wars: Episode IV - A New Hope
93.7%
The Expendables 3
92.3%
Anchorman 2: The Legend Continues
90.2%
Indiana Jones and the Last Crusade
86.8%
The Fugitive
86%
Apocalypse Now
85.5%
American Graffiti
85.2%
Blade Runner
82.1%
Air Force One
81.3%
Working Girl
79.4%
% Correct
Patriot Games
73.4%
Witness
73.1%
The Devil's Own
69.9%
Sabrina
69.1%
Cowboys and Aliens
67.3%
The Mosquito Coast
64.1%
42
63.6%
Force 10 from Navarone
61.5%
The Conversation
58.6%
Presumed Innocent
58%

You're not logged in!

Compare scores with friends on all Sporcle quizzes.
OR
Log In

You Might Also Like...

Show Comments

Extras

Top Quizzes Today


Score Distribution

Your Account Isn't Verified!

In order to create a playlist on Sporcle, you need to verify the email address you used during registration. Go to your Sporcle Settings to finish the process.

Report this User

Report this user for behavior that violates our Community Guidelines.

Details: